000
00297nam a22001337a 4500
008
180918b xxu||||| |||| 00| 0 eng d
041
_a
eng
080
_a
37
082
_a
37
100
_a
25
101
_a
EDU
245
_a
Activities for Trainers 50 useful designs
_c
Mill,C.R
942
_2
udc
_c
BK
999
_c
47876
_d
47876